000 00400cam a2200169 4500
001 D13127
008 090401t1955 xxu||||| |||| 00| 0 eng d
035 _a(Sirsi) u7859
041 _aeng
100 _aKarslake, H. Howard
245 _aAgricultural rating relief
260 _aLondon
_bRating & Valuation Assoc
_c1955
350 _a0
520 _aShelf 117
942 _n0
948 _c04/03/1997
999 _c86449
_d86449